Brachiaria physiological parameters in agroforestry systems (Registro n. 329569)
[ somente texto ]
| 000 -LÍDER | |
|---|---|
| fixed length control field | 03711nab a2200361 i 4500 |
| 003 - CÓDIGO MARC DA AGÊNCIA CATALOGADORA | |
| Campo de controle | BR-BrBNA |
| 005 - DATA E HORA DA ÚLTIMA ATUALIZAÇÃO | |
| Campo de controle | 20250113163042.0 |
| 008 - CAMPO DE TAMANHO FIXO | |
| fixed length control field | 250113b2017 bl.mr|pooa||| 00| 0 eng | |
| 040 ## - FONTE DA CATALOGAÇÃO | |
| Agência catalogadora | BR-BrBNA |
| Idioma da catalogação | eng |
| 072 ## - CATEGORIA AGRIS | |
| Código AGRIS | F08 |
| Código do objeto | 1930 |
| 100 ## - ENTRADA PRINCIPAL - NOME PESSOAL | |
| Nome pessoal | Santos, Márcia Vitória |
| 100 ## - ENTRADA PRINCIPAL - NOME PESSOAL | |
| Nome pessoal | Ferreira, Evander Alves |
| 100 ## - ENTRADA PRINCIPAL - NOME PESSOAL | |
| Nome pessoal | Valadão, Daniel |
| 100 ## - ENTRADA PRINCIPAL - NOME PESSOAL | |
| Nome pessoal | Oliveira, Fabiana Lopes Ramos de |
| 100 ## - ENTRADA PRINCIPAL - NOME PESSOAL | |
| Nome pessoal | Machado, Vitor Diniz |
| 100 ## - ENTRADA PRINCIPAL - NOME PESSOAL | |
| Nome pessoal | Silveira, Raul Ribeiro |
| 100 ## - ENTRADA PRINCIPAL - NOME PESSOAL | |
| Nome pessoal | Souza, Matheus de Freitas |
| 245 ## - TÍTULO PRINCIPAL | |
| Título principal | Brachiaria physiological parameters in agroforestry systems |
| 500 ## - NOTA GERAL | |
| Nota geral | Publicação on-line; 12 ref.; 3 tables; Sumaries (En, Pt) |
| 942 ## - ADDED ENTRY ELEMENTS (KOHA) | |
| Koha item type | Analítica |
| 520 ## - NOTA DE RESUMO | |
| Nota de conteúdo | <br/><br/>ABSTRACT - This study aimed to assess the effects of Eucalyptus and maize shading on characteristics related to water use by Brachiaria in agroforestry systems. Treatments were arranged in a split-split-plot design, with plots consisting of different spacing between Eucalyptus plants (12.0×2.0m and 12.0×4.0m), split-plots of different distances between Brachiaria and Eucalyptus (6.0, 4.0, and 2.0m), and split-split-plots of Brachiaria sowing sites (maize row and inter-row). One treatment with Brachiaria under full sunlight was included. Bread grass intercropping in maize inter-rows associated with the densest Eucalyptus spacing and bread grass proximity to Eucalyptus tree crowns adversely affected the stomatal conductance, internal carbon, and transpiration rate of bread grass. Water use efficiency of bread grass intercropped in maize rows decreased, regardless of the Eucalyptus plot design and distance between forages and trees.<br/><br/>Key words: Urochloa brizantha, production physiology, crop-livestock-forest integration. |
| 520 ## - NOTA DE RESUMO | |
| Nota de conteúdo | <br/><br/>RESUMO - O objetivo desta pesquisa foi avaliar os efeitos do sombreamento ocasionado por plantas de eucalipto e milho nas características relacionadas ao uso da água da braquiária em sistema agrossilvipastoril. O experimento foi realizado no delineamento em blocos casualizados, com quatro repetições. Os tratamentos foram arranjados em esquema de parcelas subsubdivididas, comas parcelas representadas constituídas pelos espaçamentos de plantio do eucalipto (12x2 e 12x4m), as sub-parcelas da distância da braquiaria e o eucalipto (6; 4 e 2m) e a subparcela do local de cultivo da braquiária (linha e entrelinha do milho). Além disso, foi adicionado um tratamento composto pela braquiária cultivada a pleno sol. O cultivo do capim-maradu na entrelinha do milho associado ao sombreamento intenso proporcionado pelo espaçamento mais adensado de eucalipto (12x2m) e a proximidade das plantas de capim-marandu às copas das árvores de eucalipto altera negativamente a condutância estomática, o carbo interno e a taxa transpiratória das plantas de capim-marandu. A eficiência no uso da água das plantas de capim - maradu é reduzida independente do arranjo espacial do eucalipto e da distância entre aforrageira e as árvores quando a forrageira é cultivada na linha do milho.<br/><br/>Palavras-chave: Uroclhoa brizantha, fisiologia da produção, integração lavoura-pecuária-floresta. |
| 650 ## - ASSUNTO - THESAGRO | |
| Cabeçalho tópico ou nome geográfico | BRACHIARIA |
| 650 ## - ASSUNTO - THESAGRO | |
| Cabeçalho tópico ou nome geográfico | GRAMÍNEA FORRAGEIRA |
| 650 ## - ASSUNTO - THESAGRO | |
| Cabeçalho tópico ou nome geográfico | LAVOURA |
| 650 ## - ASSUNTO - THESAGRO | |
| Cabeçalho tópico ou nome geográfico | PECUÁRIA |
| 650 ## - ASSUNTO - THESAGRO | |
| Cabeçalho tópico ou nome geográfico | FLORESTA |
| 650 ## - ASSUNTO - THESAGRO | |
| Cabeçalho tópico ou nome geográfico | INTEGRAÇÃO |
| 650 ## - ASSUNTO - THESAGRO | |
| Cabeçalho tópico ou nome geográfico | SOMBREAMENTO |
| 773 0# - ENTRADA ANALÍTICA | |
| Host Biblionumber | 2408 |
| Registro do item | 346531 |
| Imprenta | Santa Maria-RS Universidade Federal de Santa Maria - Centro de Ciências Rurais 1991 |
| Outro identificador | 2024-7202 |
| Título | Ciência Rural (Brazil) |
| ISSN | 0103-8478 Versão online ISSN 1678-4596 |
| Colação | v. 47(5) p. 1-6; (2017) |
| Número de controle de registro | BR2024004134 |
| 856 ## - ACESSO E ENDEREÇO ELETRÔNICO | |
| Identificador uniforme de recurso - URI | https://www.scielo.br/j/cr/a/7GzJk8SHJsVw4mgvtMWfQfR/?format=pdf&lang=en |
Nenhum exemplar disponível.

BINAGRI